[Event "Krakow Malopolski Cup"]
[Site "Krakow"]
[Date "2022.08.04"]
[Round "2"]
[White "Sygulski, Piotr"]
[Black "Przybys, Bruno"]
[Result "1-0"]
[WhiteElo "2005"]
[BlackElo "1290"]
[PlyCount "79"]
[EventDate "2022.08.04"]
[EventType "swiss"]
[EventRounds "9"]
[EventCountry "POL"]
[SourceTitle "CBM 209 Extra"]
[Source "ChessBase"]
[SourceDate "2022.09.30"]
[SourceVersion "1"]
[SourceVersionDate "2022.09.30"]
[SourceQuality "1"]

1. d4 d5 2. Nf3 c6 3. e3 Bf5 4. c4 e6 5. Nc3 Bb4 6. Bd3 Bxd3 7. Qxd3 Nf6 8. 0-0 Nbd7 9. Bd2 Nb6 10. c5 Bxc3 11. Bxc3 Na4 12. Rab1 Nxc3 13. bxc3 Qc7 14. c4 0-0 15. Rb2 b6 16. cxb6 axb6 17. Rc1 Ra5 18. Ne5 c5 19. Qb1 Ra6 20. Nf3 cxd4 21. cxd5 Qd6 22. dxe6 fxe6 23. Nxd4 Ng4 24. g3 e5 25. Qd3 Ra3 26. Qc4+ Kh8 27. Nb5 Qh6 28. Qxg4 Rxe3 29. Rc8 Ref3 30. Qxf3 Rxc8 31. Rc2 Rd8 32. Kg2 Qg6 33. Rc7 h6 34. Rc6 Qg5 35. Nd6 e4 36. Nf7+ Kg8 37. Qb3 Qh5 38. Nxd8+ Kh7 39. Qf7 Qg4 40. Qf4 1-0

[Event "Wch U10 rapid"]
[Site "Rhodes"]
[Date "2022.05.01"]
[Round "4"]
[White "Przybys, Bruno"]
[Black "Gibala, Adam"]
[Result "1-0"]
[WhiteElo "1330"]
[BlackElo "1603"]
[PlyCount "21"]
[EventDate "2022.05.01"]
[EventType "swiss (rapid)"]
[EventRounds "9"]
[EventCountry "GRE"]
[SourceTitle "CBM 208 Extra"]
[Source "ChessBase"]
[SourceDate "2022.07.31"]
[SourceVersion "1"]
[SourceVersionDate "2022.07.31"]
[SourceQuality "1"]

1. e4 c5 2. Nf3 Nc6 3. Bb5 Nf6 4. Bxc6 dxc6 5. Nc3 g6 6. 0-0 Bg7 7. d4 cxd4 8. Nxd4 Nxe4 9. Nxc6 Qxd1 10. Rxd1 Nxc3 11. Rd8# 1-0

[Event "Poronin Tatra Limba op-B"]
[Site "Poronin"]
[Date "2021.05.24"]
[Round "3.20"]
[White "Kulczycka, Zofia"]
[Black "Przybys, Bruno"]
[Result "1-0"]
[WhiteElo "1361"]
[BlackElo "1177"]
[PlyCount "85"]
[EventDate "2021.05.22"]
[EventType "swiss"]
[EventRounds "9"]
[EventCountry "POL"]
[SourceTitle "EXT 2022"]
[Source "ChessBase"]
[SourceDate "2021.10.06"]
[SourceVersion "1"]
[SourceVersionDate "2021.10.06"]
[SourceQuality "1"]

1. e4 c5 2. Nf3 Nc6 3. d4 cxd4 4. Nxd4 g6 5. c4 Nf6 6. Nc3 d6 7. Be2 Nxd4 8. Qxd4 Bg7 9. Be3 0-0 10. Qd2 Be6 11. Rc1 a5 12. b3 Rc8 13. f3 Nd7 14. 0-0 h5 15. Nd5 Bxd5 16. exd5 Nc5 17. Bd3 Qe8 18. Bb1 b6 19. Rfe1 Qd7 20. Re2 Rfd8 21. Rce1 Rc7 22. Bg5 Bf8 23. f4 f5 24. Bc2 Ra8 25. Qe3 Raa7 26. Qg3 Kh7 27. Bh4 Qe8 28. Qf3 Bg7 29. h3 Bd4+ 30. Bf2 Bxf2+ 31. Qxf2 Qf7 32. Qh4 Kg7 33. Re3 Qf6 34. Qg3 h4 35. Qf2 Ra8 36. a3 Rh8 37. b4 axb4 38. axb4 Ne4 39. Bxe4 fxe4 40. Rxe4 Rb7 41. Re6 Qf7 42. Qd4+ Kh6 43. Qxh8+ 1-0

[Event "POL-ch U10"]
[Site "Jastrzebia Gora"]
[Date "2021.??.??"]
[Round "3"]
[White "Myslowski, Tomasz"]
[Black "Przybys, Bruno"]
[Result "0-1"]
[WhiteElo "1119"]
[BlackElo "1218"]
[PlyCount "72"]
[EventDate "2021.02.28"]
[EventType "swiss"]
[EventRounds "9"]
[EventCountry "POL"]
[SourceTitle "EXT 2022"]
[Source "ChessBase"]
[SourceDate "2021.10.06"]
[SourceVersion "1"]
[SourceVersionDate "2021.10.06"]
[SourceQuality "1"]

1. e4 c5 2. d3 Nc6 3. g3 g6 4. Bg2 Bg7 5. f4 e6 6. Nf3 Nge7 7. 0-0 0-0 8. c3 d6 9. h3 Rb8 10. Qe1 b5 11. g4 f5 12. exf5 exf5 13. g5 b4 14. h4 Ba6 15. c4 Bb7 16. Kf2 Nd4 17. Nxd4 Bxd4+ 18. Kg3 Bxg2 19. Kxg2 Qd7 20. Nd2 d5 21. Nb3 Nc6 22. Nxd4 Nxd4 23. Qf2 dxc4 24. dxc4 Rbe8 25. Be3 Re4 26. Rad1 Rd8 27. b3 Qc6 28. Kg3 Rde8 29. Rfe1 Nc2 30. Qxc2 Rxe3+ 31. Rxe3 Rxe3+ 32. Kh2 Qf3 33. Kg1 Qg4+ 34. Kf1 Rf3+ 35. Ke1 Qg1+ 36. Kd2 Qe3# 0-1